000 00426nam a2200169Ia 4500
003 GCL
008 140319s9999 xx 000 0 ara d
040 _aGCL /
_cGCL
082 0 4 _a415.5
_bع ت
100 1 _aعبده الراجحى
245 1 0 _aالتطبيق الصرفى /
_cعبده الراجحى
300 _a165 ص
490 _a
650 0 4 _aاللغة العربية
650 0 4 _aالصرف
942 _2ddc
_cBK
999 _c41386
_d41386